[Event "Regensburg Donau Cup"]
[Site "Regensburg"]
[Date "2017.05.26"]
[Round "2"]
[White "Blanter, Sofya"]
[Black "Bunk, Wolfgang"]
[Result "0-1"]
[WhiteElo "1746"]
[BlackElo "1987"]
[PlyCount "62"]
[EventDate "2017.05.24"]
[EventType "swiss"]
[EventRounds "7"]
[EventCountry "GER"]
[SourceTitle "CBM 178 Extra"]
[Source "ChessBase"]
[SourceDate "2017.06.22"]
[SourceVersion "1"]
[SourceVersionDate "2017.06.22"]
[SourceQuality "1"]

1. d4 c5 2. d5 d6 3. c4 g6 4. Nc3 Bg7 5. e4 e6 6. Bd3 Ne7 7. Nf3 exd5 8. exd5 Bg4 9. h3 Bxf3 10. Qxf3 Nd7 11. Bc2 0-0 12. 0-0 a6 13. a4 Qc7 14. Re1 Rae8 15. Bg5 Nc8 16. Re4 Ne5 17. Qe2 f5 18. Re3 f4 19. Re4 f3 20. Qe1 fxg2 21. Bd1 Qf7 22. Be2 Qf5 23. f4 Qxh3 24. Qh4 Nf3+ 25. Bxf3 Qxf3 26. f5 Bd4+ 27. Rxd4 cxd4 28. Qxd4 Rxf5 29. Bh6 Qf1+ 30. Kh2 Rh5+ 31. Kg3 Rxh6 0-1

[Event "Oberpfalz-ch M2"]
[Site "Windischeschenbach"]
[Date "2017.04.10"]
[Round "5"]
[White "Blanter, Sofya"]
[Black "Brunner, Tobias"]
[Result "0-1"]
[WhiteElo "1791"]
[BlackElo "1737"]
[PlyCount "108"]
[EventDate "2017.04.08"]
[EventType "swiss"]
[EventRounds "8"]
[EventCountry "GER"]
[SourceTitle "EXT 2020"]
[Source "ChessBase"]
[SourceDate "2019.10.17"]
[SourceVersion "1"]
[SourceVersionDate "2019.10.17"]
[SourceQuality "1"]

1. d4 f5 2. g3 Nf6 3. c4 e6 4. Bg2 Bb4+ 5. Bd2 Bxd2+ 6. Nxd2 Nc6 7. Ngf3 Rb8 8. 0-0 b6 9. Rc1 Bb7 10. a3 a5 11. Nb1 Ne7 12. b4 axb4 13. axb4 Ne4 14. Nc3 Nxc3 15. Rxc3 Ra8 16. Qd2 Ng6 17. d5 Qf6 18. dxe6 dxe6 19. Re3 Rd8 20. Qa2 Ra8 21. Qb3 Kf7 22. Ng5+ Qxg5 23. Bxb7 Rad8 24. c5 Qf6 25. cxb6 cxb6 26. Rc1 Rd6 27. b5 Rhd8 28. Bg2 Ne5 29. h3 g5 30. Qc3 Rd1+ 31. Rxd1 Rxd1+ 32. Bf1 Nd7 33. Rd3 Qxc3 34. Rxc3 Nc5 35. e3 Ne4 36. Rc7+ Kf6 37. Kg2 Rd2 38. Rxh7 Rxf2+ 39. Kg1 Rf3 40. Rh6+ Ke5 41. Bc4 Nc5 42. Kg2 Rxe3 43. h4 Rc3 44. Be2 Ne4 45. h5 Rc2 46. Kf3 g4+ 47. Ke3 Rc3+ 48. Bd3 Nc5 49. Rh8 Rxd3+ 50. Ke2 Rxg3 51. h6 Rh3 52. Kf2 Ne4+ 53. Kg2 Nc3 54. Rh7 Nxb5 0-1

[Event "Vaujany op-B 7th"]
[Site "Vaujany"]
[Date "2016.07.16"]
[Round "6"]
[White "Sudomir, Jean Denis"]
[Black "Blanter, Sofya"]
[Result "1-0"]
[WhiteElo "1770"]
[BlackElo "1712"]
[PlyCount "96"]
[EventDate "2016.07.16"]
[EventType "swiss"]
[EventRounds "9"]
[EventCountry "FRA"]
[SourceTitle "EXT 2017"]
[Source "ChessBase"]
[SourceDate "2016.10.25"]
[SourceVersion "1"]
[SourceVersionDate "2016.10.25"]
[SourceQuality "1"]

1. g3 d5 2. Bg2 Nf6 3. d4 e6 4. Nf3 c5 5. c3 Nc6 6. a3 c4 7. Bf4 Be7 8. 0-0 0-0 9. Qc2 b5 10. Nbd2 Bb7 11. e4 dxe4 12. Nxe4 Nxe4 13. Qxe4 Na5 14. Qc2 Bd5 15. Rfe1 Re8 16. Re5 g6 17. Rae1 Nc6 18. R5e2 Rc8 19. h4 Qd7 20. h5 Bf6 21. Kh2 a5 22. Ne5 Nxe5 23. Bxe5 Bxg2 24. Bxf6 Bb7 25. Re5 Qc6 26. R5e4 Red8 27. Qd2 Qe8 28. hxg6 fxg6 29. Rxe6 Qf7 30. Re7 Qxf6 31. Rxb7 Rd5 32. Ree7 Rh5+ 33. Kg2 Rf8 34. Qe3 Qf5 35. Qe6+ Qxe6 36. Rxe6 Rf7 37. Rxf7 Kxf7 38. Re5 Rxe5 39. dxe5 Ke6 40. f4 h5 41. Kf2 g5 42. Kg2 g4 43. Kf2 a4 44. Ke2 Kd5 45. Ke3 Ke6 46. Ke4 Ke7 47. f5 Kf7 48. Kf4 Kg7 1-0

[Event "Oberpfalz-ch M2"]
[Site "Schwandorf"]
[Date "2015.03.29"]
[Round "4"]
[White "Blanter, Sofya"]
[Black "Sakinmaz, Kadri"]
[Result "1-0"]
[WhiteElo "1756"]
[BlackElo "1661"]
[PlyCount "69"]
[EventDate "2015.03.28"]
[EventType "swiss"]
[EventRounds "8"]
[EventCountry "GER"]
[SourceTitle "EXT 2022"]
[Source "ChessBase"]
[SourceDate "2021.10.06"]
[SourceVersion "1"]
[SourceVersionDate "2021.10.06"]
[SourceQuality "1"]

1. d4 d5 2. c4 e6 3. Nf3 Nf6 4. Bf4 Bb4+ 5. Nc3 h6 6. a3 Bxc3+ 7. bxc3 dxc4 8. Qa4+ Bd7 9. Qxc4 a6 10. Qxc7 0-0 11. Qxb7 Bc6 12. Qb2 Nd5 13. Bg3 Qa5 14. Rc1 Bb5 15. e4 Bxf1 16. Kxf1 Nf6 17. Nd2 Rc8 18. f3 Nh5 19. Kf2 Nd7 20. Nb3 Qb6 21. Qa2 Nxg3 22. hxg3 Ne5 23. Rhd1 Rab8 24. Nc5 Rxc5 25. dxc5 Qxc5+ 26. Kf1 Nc4 27. Qf2 Ne3+ 28. Kg1 Rb2 29. Rd2 Rxd2 30. Qxd2 Ng4+ 31. Qd4 Qxa3 32. Rd1 Nf6 33. c4 e5 34. Qxe5 Qe3+ 35. Kh2 1-0

[Event "Oberpfalz-ch M2"]
[Site "Schwandorf"]
[Date "2015.03.28"]
[Round "2"]
[White "Blanter, Sofya"]
[Black "Gschwendner, Anton"]
[Result "1-0"]
[WhiteElo "1756"]
[BlackElo "1592"]
[PlyCount "95"]
[EventDate "2015.03.28"]
[EventType "swiss"]
[EventRounds "8"]
[EventCountry "GER"]
[SourceTitle "EXT 2022"]
[Source "ChessBase"]
[SourceDate "2021.10.06"]
[SourceVersion "1"]
[SourceVersionDate "2021.10.06"]
[SourceQuality "1"]

1. d4 d5 2. c4 c6 3. Nf3 Nf6 4. Nc3 e6 5. Bf4 dxc4 6. a4 Bb4 7. Qc2 Qa5 8. Rc1 0-0 9. e4 b5 10. axb5 cxb5 11. Be2 Bb7 12. e5 Be4 13. Qd1 Nd5 14. Bd2 Nxc3 15. bxc3 Be7 16. 0-0 Nc6 17. Ng5 Bd5 18. f4 Qd8 19. Bf3 h6 20. Bxd5 Qxd5 21. Nh3 Na5 22. Rb1 Nb3 23. Be3 a5 24. Qg4 Qe4 25. Qg3 b4 26. f5 Bh4 27. Qf4 Qxf4 28. Rxf4 Bg5 29. Nxg5 hxg5 30. Rg4 exf5 31. Rxg5 g6 32. Rf1 bxc3 33. Rfxf5 c2 34. Rf1 a4 35. h4 a3 36. h5 Kg7 37. e6 Ra7 38. d5 Re7 39. Bf4 Rd8 40. Be5+ Kh6 41. Bf6 fxe6 42. Bxe7 Rxd5 43. Rxg6+ Kxh5 44. Rxe6 Rd1 45. Bxa3 Rxf1+ 46. Kxf1 c1Q+ 47. Bxc1 Nxc1 48. Rc6 1-0

[Event "NED-ch U21 Girls"]
[Site "Haarlem"]
[Date "2011.05.07"]
[Round "8"]
[White "Blanter, Sofya"]
[Black "Kirana, Nancy"]
[Result "1/2-1/2"]
[WhiteElo "1535"]
[BlackElo "1713"]
[PlyCount "58"]
[EventDate "2011.04.30"]
[EventType "tourn"]
[EventRounds "9"]
[EventCountry "NED"]
[SourceTitle "EXT 2012"]
[Source "ChessBase"]
[SourceDate "2011.11.24"]
[SourceVersion "1"]
[SourceVersionDate "2011.11.24"]
[SourceQuality "1"]

1. d4 d5 2. c4 e6 3. Nc3 Nf6 4. Nf3 Be7 5. e3 0-0 6. b3 Nbd7 7. Be2 Bb4 8. Bb2 Ne4 9. Qc2 f5 10. 0-0 Bxc3 11. Bxc3 Rf6 12. g3 Rh6 13. Kg2 Ndf6 14. Ne5 Qe8 15. Rh1 dxc4 16. Kf1 Nd5 17. Bd2 c3 18. Bc1 b6 19. h4 Bb7 20. Bf3 Nb4 21. Qe2 Ba6 22. Nc4 Rd8 23. a3 Nd5 24. Ke1 Rf6 25. Bxe4 fxe4 26. Qc2 Qf8 27. Ra2 Bb7 28. Ne5 a5 29. h5 b5 1/2-1/2

[Event "Twente Young Master op-B"]
[Site "Twente"]
[Date "2007.08.08"]
[Round "4"]
[White "Vedder, Niels"]
[Black "Blanter, Sofya"]
[Result "1-0"]
[WhiteElo "1495"]
[BlackElo "1172"]
[PlyCount "46"]
[EventDate "2007.08.06"]
[EventType "swiss"]
[EventRounds "9"]
[EventCountry "NED"]
[SourceTitle "EXT 2008"]
[Source "ChessBase"]
[SourceDate "2007.11.25"]
[SourceVersion "1"]
[SourceVersionDate "2007.11.25"]
[SourceQuality "1"]

1. e4 e5 2. f4 d6 3. Nf3 Nc6 4. Bc4 f5 5. Nc3 Nf6 6. d3 Qe7 7. 0-0 fxe4 8. dxe4 Bg4 9. Be3 0-0-0 10. Nd5 Qd7 11. Nxf6 gxf6 12. f5 Bxf5 13. exf5 Qxf5 14. Ng5 Qd7 15. Be6 fxg5 16. Bxd7+ Rxd7 17. Bxg5 h5 18. Qd3 Nd4 19. c3 Ne6 20. Bd2 b6 21. Qh3 Ng5 22. Bxg5 Bh6 23. Bxh6 Rxh6 1-0

[Event "Twente Young Master op-B"]
[Site "Twente"]
[Date "2007.08.07"]
[Round "2"]
[White "Schakel, Lemmy"]
[Black "Blanter, Sofya"]
[Result "1-0"]
[WhiteElo "1579"]
[BlackElo "1172"]
[PlyCount "117"]
[EventDate "2007.08.06"]
[EventType "swiss"]
[EventRounds "9"]
[EventCountry "NED"]
[SourceTitle "EXT 2008"]
[Source "ChessBase"]
[SourceDate "2007.11.25"]
[SourceVersion "1"]
[SourceVersionDate "2007.11.25"]
[SourceQuality "1"]

1. e4 d5 2. exd5 Qxd5 3. Nc3 Qd8 4. Nf3 e6 5. Bc4 Nf6 6. b3 Bd6 7. Bb2 0-0 8. 0-0 c5 9. Qe2 Nc6 10. Ne4 Nxe4 11. Qxe4 f6 12. Bxe6+ Bxe6 13. Qxe6+ Rf7 14. Nh4 Qe7 15. Qxe7 Rxe7 16. Nf5 Re6 17. Rfe1 Rae8 18. Kf1 Bxh2 19. Rxe6 Rxe6 20. g3 Nb4 21. a3 Nxc2 22. Rc1 Nd4 23. Bxd4 cxd4 24. Nxd4 Rd6 25. Nf3 g5 26. Nxh2 Rxd2 27. Rc8+ Kg7 28. Rc7+ Kg6 29. Rxb7 a5 30. Rb5 Rd3 31. b4 axb4 32. axb4 Kf7 33. Rb7+ Kg8 34. Ng4 f5 35. Nf6+ Kf8 36. Nxh7+ Ke8 37. Nxg5 Kd8 38. Ne6+ Kc8 39. Nc5 Rd4 40. Rf7 Rxb4 41. Rxf5 Rb5 42. Ne4 Rxf5 43. Nd6+ Kd7 44. Nxf5 Ke6 45. g4 Kf6 46. f4 Kg6 47. Nh4+ Kg7 48. g5 Kh7 49. f5 Kg7 50. f6+ Kf7 51. Kf2 Kg8 52. g6 Kf8 53. Nf5 Kg8 54. Nh6+ Kh8 55. g7+ Kh7 56. g8Q+ Kxh6 57. f7 Kh5 58. f8Q Kh4 59. Qh6# 1-0

[Event "Twente Young Master op-B"]
[Site "Twente"]
[Date "2007.08.06"]
[Round "1"]
[White "Blanter, Sofya"]
[Black "Rieksen, Richard"]
[Result "0-1"]
[WhiteElo "1172"]
[BlackElo "1709"]
[PlyCount "96"]
[EventDate "2007.08.06"]
[EventType "swiss"]
[EventRounds "9"]
[EventCountry "NED"]
[SourceTitle "EXT 2008"]
[Source "ChessBase"]
[SourceDate "2007.11.25"]
[SourceVersion "1"]
[SourceVersionDate "2007.11.25"]
[SourceQuality "1"]

1. d4 Nf6 2. e3 g6 3. Nc3 d5 4. Nf3 Bg7 5. Bd3 Nc6 6. Bb5 Bd7 7. 0-0 0-0 8. Re1 a6 9. Bxc6 bxc6 10. e4 Bg4 11. e5 Nd7 12. h3 Bxf3 13. Qxf3 e6 14. Bf4 c5 15. dxc5 Nxc5 16. Ne2 f6 17. Ng3 Nd7 18. Qc3 fxe5 19. Bd2 Rb8 20. Qa3 e4 21. Bb4 Rf7 22. Rad1 Qf6 23. Rf1 Qxb2 24. Qxb2 Bxb2 25. a3 c5 26. Bd2 Ne5 27. Be3 Bxa3 28. Ra1 Nc4 29. Bc1 Bxc1 30. Raxc1 a5 31. f3 exf3 32. Rxf3 Rxf3 33. gxf3 a4 34. Ne2 d4 35. Nf4 Kf7 36. Re1 e5 37. Nd3 Rb5 38. f4 exf4 39. Nxf4 a3 40. Nd3 a2 41. Ra1 Rb1+ 42. Rxb1 axb1Q+ 43. Kg2 Qxc2+ 44. Nf2 d3 45. Kf1 Ne3+ 46. Kg1 d2 47. h4 d1R+ 48. Nxd1 Qg2# 0-1